| 000 | 01000nam a22003137a 4500 | ||
|---|---|---|---|
| 003 | EG-ScBUE | ||
| 005 | 20220124144723.0 | ||
| 008 | 110505s1995 enk f 000 1 eng d | ||
| 020 | _a0140621628 | ||
| 020 | _a9780140621624 | ||
| 040 |
_aEG-ScBUE _beng _erda _cEG-ScBUE _dEG-ScBUE |
||
| 082 | 0 | 4 |
_222 _a823.8 _bNES |
| 100 | 1 |
_99901 _aNesbit, E. _d1858-1924. _q(Edith), _eauthor. |
|
| 245 | 1 | 4 |
_aThe railway children / _cE. Nesbit. |
| 264 | 1 |
_aLondon : _bPenguin Books, _c1995. |
|
| 300 |
_a211 pages ; _c18 cm. |
||
| 336 |
_2rdacontent _atext _btxt |
||
| 337 |
_2rdamedia _aunmediated _bn |
||
| 338 |
_2rdacarrier _avolume _bnc |
||
| 490 | 0 | _aPenguin popular classics | |
| 650 | 7 |
_923603 _aFamily life _vFiction. _2BUEsh |
|
| 650 | 7 |
_923605 _aCountry life _zEngland _vFiction. _2BUEsh |
|
| 650 | 7 |
_92862 _aBrothers and sisters _vFiction. _2BUEsh |
|
| 651 | _2BUEsh | ||
| 653 |
_cMay2011 _bHHUUEENN |
||
| 655 |
_vReading book _934232 |
||
| 942 |
_2ddc _cBB |
||
| 999 |
_c15245 _d15245 |
||